Text book of engineering mechanics (SI units) (Record no. 187462)
[ view plain ]
| 000 -LEADER | |
|---|---|
| fixed length control field | 00439nam a2200169Ia 4500 |
| 005 - DATE AND TIME OF LATEST TRANSACTION | |
| control field | 20250417093253.0 |
| 008 - FIXED-LENGTH DATA ELEMENTS--GENERAL INFORMATION | |
| fixed length control field | 231217s9999 xx 000 0 und d |
| 020 ## - INTERNATIONAL STANDARD BOOK NUMBER | |
| International Standard Book Number | 9788121926164 |
| 082 ## - DEWEY DECIMAL CLASSIFICATION NUMBER | |
| Classification number | 620.1 KHU;1 R |
| 100 ## - MAIN ENTRY--PERSONAL NAME | |
| Personal name | Khurmi, R S. |
| 245 #0 - TITLE STATEMENT | |
| Title | Text book of engineering mechanics (SI units) |
| 250 ## - EDITION STATEMENT | |
| Edition statement | 20th ed. |
| 260 ## - PUBLICATION, DISTRIBUTION, ETC. (IMPRINT) | |
| Date of publication, distribution, etc. | 1967 |
| Name of publisher, distributor, etc. | S Chand |
| Place of publication, distribution, etc. | New Delhi |
| 300 ## - PHYSICAL DESCRIPTION | |
| Extent | xii, 765 |
| 650 ## - SUBJECT ADDED ENTRY--TOPICAL TERM | |
| Topical term or geographic name as entry element | mechanics,(SI,units) |
| 942 ## - ADDED ENTRY ELEMENTS (KOHA) | |
| Koha item type | Books |
| Date last seen | Total Checkouts | Full call number | Accession number | Old discount | Uniform Resource Identifier | Cost, replacement price | Price effective from | Category | Lost status | Damaged status | Department | Withdrawn status | bill no. | bill date | Permanent Location | Current Location | Shelving location | Entry date | Vendor | Cost, normal purchase price | Grants | Currency symbol | Conversion rate | Discount | Discount type |
|---|---|---|---|---|---|---|---|---|---|---|---|---|---|---|---|---|---|---|---|---|---|---|---|---|---|
| 26/01/2024 | 620.1 KHU;1 R | 67942 | 15 | digital/contents/67945.pdf | 340.00 | 26/01/2024 | Books | Central Library | SBH/CRB/064674 | 25/02/2014 | Central Library | Central Library | Central Library | 29/07/2010 | Sapna Book House | 400.00 | ME | RS | 1 | 60 | Rupees | ||||
| 26/01/2024 | 620.1 KHU;2 R1 | 67943 | 15 | digital/contents/67945.pdf | 340.00 | 26/01/2024 | Books | Central Library | SBH/CRB/064674 | 25/02/2014 | Central Library | Central Library | Central Library | 29/07/2010 | Sapna Book House | 400.00 | ME | RS | 1 | 60 | Rupees | ||||
| 26/01/2024 | 620.1 KHU;3 | 67944 | 15 | digital/contents/67945.pdf | 340.00 | 26/01/2024 | Books | Central Library | SBH/CRB/064674 | 25/02/2014 | Central Library | Central Library | Central Library | 29/07/2010 | Sapna Book House | 400.00 | ME | RS | 1 | 60 | Rupees | ||||
| 26/01/2024 | 620.1 KHU;4 | 67945 | 15 | digital/contents/67945.pdf | 340.00 | 26/01/2024 | Books | Central Library | SBH/CRB/064674 | 25/02/2014 | Central Library | Central Library | Central Library | 29/07/2010 | Sapna Book House | 400.00 | ME | RS | 1 | 60 | Rupees | ||||
| 26/01/2024 | 620.1 KHU;5 | 67946 | 15 | digital/contents/67945.pdf | 340.00 | 26/01/2024 | Books | Central Library | SBH/CRB/064674 | 25/02/2014 | Central Library | Central Library | Central Library | 29/07/2010 | Sapna Book House | 400.00 | ME | RS | 1 | 60 | Rupees |
